Manual de Relaciones Internacionales: herramientas para la comprensión de la disciplina
Αποθηκεύτηκε σε:
| Κύριος συγγραφέας: | |
|---|---|
| Μορφή: | Βιβλίο |
| Γλώσσα: | Ισπανικά |
| Έκδοση: |
Santiago
Ril Editores
2013
|
| Σειρά: | Estudios Políticos
|
| Θέματα: | |
| Ετικέτες: |
Προσθήκη ετικέτας
Δεν υπάρχουν, Καταχωρήστε ετικέτα πρώτοι!
|
MARC
| LEADER | 00000cam a2200000 a 4500 | ||
|---|---|---|---|
| 001 | UCF9085 | ||
| 003 | CL-VaPUC | ||
| 008 | 131018e20130000cl |||||||||||||||||spa|d | ||
| 020 | |a 9789562849760 | ||
| 082 | 0 | 4 | |a 327 |b BEL |2 21 |
| 100 | 0 | |a Bello Arellano, Daniel |e author |9 571283 | |
| 245 | 1 | 0 | |a Manual de Relaciones Internacionales: herramientas para la comprensión de la disciplina |
| 300 | |a 314 p | ||
| 942 | |c BK | ||
| 945 | |d 20131018 14:00:00 |a dcastane | ||
| 260 | |a Santiago |b Ril Editores |c 2013 | ||
| 650 | 0 | |a Relaciones Internacionales |9 255740 | |
| 583 | |a last modification |c 20131018 14:00:00 |k Rodrigo Vera | ||
| 490 | 0 | |a Estudios Políticos | |
| 999 | |c 353570 |d 353568 | ||
| 952 | |0 0 |1 0 |3 erb |4 0 |6 327_000000000000000_BEL_2013 |7 0 |8 A |9 458903 |a BIBHIS |b BIBHIS |d 2019-11-23 |i 5021820 |l 2 |m 1 |o 327 BEL 2013 |p 5021820 |r 2025-01-20 |s 2023-08-08 |w 2019-11-23 |y BK |z Catalogado en:20131018 |k HIS | ||